000 00747cam a2200277 4500
999 _c8616
_d8616
001 8616
003 BD-JhCC
005 20180228092708.0
008 720303s1972 ilua b 001 0 eng
020 _a0030890365
035 _a(BD-JhCC)8616
040 _aDLC
_cDLC
_dDLC
_dBD-JhCC
041 _aeng
050 0 0 _aHB171.5
_b.M146 1972
082 0 0 _a339
_bMCK 1972
100 1 _aMcKenna, Joseph P ,
_d1922-
245 1 0 _aAggregate economic analysis
_c[by] Joseph P. McKenna.
250 _a4th ed.
260 _aHinsdale, Ill.,
_bDryden Press
_c[1972]
300 _axiii, 269 p.
_billus.
_c24 cm.
504 _aIncludes bibliographies.
650 0 _aMacroeconomics.
650 0 _aKeynesian economics.
942 _2ddc
_cBK